| 000 | 01098cam a22003375i 4500 | ||
|---|---|---|---|
| 001 | 22726916 | ||
| 003 | OSt | ||
| 005 | 20230206153423.0 | ||
| 008 | 220729s2022 ke b 001 0 eng | ||
| 010 | _a 2022322657 | ||
| 020 | _a9789914996401 | ||
| 040 |
_aDLC _beng _erda _cDLC |
||
| 042 |
_alcode _apcc |
||
| 043 | _af-ke--- | ||
| 050 | 0 | 0 |
_aKSK1760 _b.M85 2022 |
| 100 | 1 |
_aMuigai, Githu, _eauthor. |
|
| 245 | 1 | 0 |
_aPower, politics & law : _bdynamics of constitutional change in Kenya, 1887-2022 / _cGithu Muigai with Dan Juma. |
| 246 | 3 | _aPower, politics and law | |
| 264 | 1 |
_a[Nakuru] Kenya : _bKabarak Univeristy Press, _c2022. |
|
| 300 | _a384 p. | ||
| 336 |
_atext _btxt _2rdacontent |
||
| 337 |
_aunmediated _bn _2rdamedia |
||
| 338 |
_avolume _bnc _2rdacarrier |
||
| 504 | _aIncludes bibliographical references and index. | ||
| 650 | 0 |
_aConstitutional history _zKenya. |
|
| 650 | 0 |
_aLaw reform _zKenya _xHistory. |
|
| 700 | 1 |
_aJuma, Dan, _eauthor. |
|
| 906 |
_a0 _bibc _corigode _d2 _encip _f20 _gy-gencatlg |
||
| 942 |
_2lcc _cBK |
||
| 999 |
_c19936 _d19935 |
||